Daň z motorových vozidiel od 1.1.2015

Zákon č. 361/2014 Z.z. o dani z motorových vozidiel - účinnosť od 1.1.2015. Podľa neho daň z motorových vozidiel už nie je miestnou daňou, ale je určená povinne a jednotne zákonom. Predmet úpravy, predmet dane. Daňovník dane z motorových vozidiel. Oslobodenie od dane. Základ dane, ročná sadzba dane....

Descrizione completa

Salvato in:
Dettagli Bibliografici
Autore principale: Novotná, Ľudmila
Natura: Capitolo di libro
Lingua:slovacco
Soggetti:
Tags: Aggiungi Tag
Nessun Tag, puoi essere il primo ad aggiungerne!!

MARC

LEADER 00000naa a2200000 4500
001 0200755
005 20231114112417.6
041 0 |a slo 
044 |a SK 
245 1 0 |a Daň z motorových vozidiel od 1.1.2015  |c Ľudmila Novotná 
520 |a Zákon č. 361/2014 Z.z. o dani z motorových vozidiel - účinnosť od 1.1.2015. Podľa neho daň z motorových vozidiel už nie je miestnou daňou, ale je určená povinne a jednotne zákonom. Predmet úpravy, predmet dane. Daňovník dane z motorových vozidiel. Oslobodenie od dane. Základ dane, ročná sadzba dane. Vznik a zánik daňovej povinnosti, daňové priznanie. Preddavky na daň a platenie dane. 
610 2 0 |a dane z vozidiel motorových 
610 2 0 |a úpravy právne 
610 2 0 |a 2015 
100 1 |a Novotná, Ľudmila